| 000 | 02064cam a2200553 i 4500 | ||
|---|---|---|---|
| 001 | xx004064620 | ||
| 003 | NUKAT | ||
| 005 | 20260422122543.0 | ||
| 008 | 170710s2017 pl g |000 0 pol c | ||
| 020 |
_a9788365210364 _q(oprawa miękka) |
||
| 035 | _a(OCoLC)995459988 | ||
| 035 | _a(NUKAT)xx004064620 | ||
| 040 |
_aŁ U/AC _bpol _erda _cŁ U/AC _dŁ U/AC _dŁ U/MRs _dOLSZT 008/bak |
||
| 045 | 2 |
_bd2001 _bd2013 |
|
| 046 | _k2017 | ||
| 099 | _aja2017010646 | ||
| 100 | 1 |
_aDudaniec, Małgorzata. _eAutor _940396 |
|
| 245 | 1 | 0 |
_aPostać i nauczanie świętego Jana Pawła II : _bpapieskie akademie dla dzieci i młodzieży szkolnej / _cMałgorzata Dudaniec. |
| 260 |
_aOlsztyn : _bWarmińskie Wydawnictwo Diecezjalne, _c2017. |
||
| 300 |
_a131, [1] strona ; _c21 cm. |
||
| 336 |
_aTekst _btxt _2rdacontent |
||
| 337 |
_aBez urządzenia pośredniczącego _bn _2rdamedia |
||
| 338 |
_aWolumin _bnc _2rdacarrier |
||
| 380 | _aKsiążki | ||
| 380 | _aProza | ||
| 380 | _aPublikacje dydaktyczne | ||
| 380 | _aPublikacje fachowe | ||
| 385 | _aKatecheci | ||
| 385 | _aNauczycielki i nauczyciele | ||
| 385 | _aPedagodzy | ||
| 385 |
_mPoziom nauczania _aGimnazja |
||
| 385 |
_mPoziom nauczania _aSzkoły podstawowe |
||
| 386 |
_mPrzynależność kulturowa _aLiteratura polska |
||
| 388 | 1 | _a2001- | |
| 504 | _aBibliografia na stronach 128-131. | ||
| 600 | 0 | 7 |
_aJan Paweł _bII _c(papież ; _d1920-2005) _2DBN _937740 |
| 600 | 0 | 7 |
_aJan Paweł _bII _c(papież ; _d1920-2005) _vsztuki teatralne dla młodzieży. _2kaba _940397 |
| 648 | 7 |
_a2001- _2DBN _936393 |
|
| 650 | 7 |
_aNauczanie papieskie _2DBN _940398 |
|
| 650 | 7 |
_aPapiestwo _2DBN _935590 |
|
| 650 | 7 |
_aTeatr szkolny i akademicki polski _y1990-. _2kaba _940399 |
|
| 655 | 7 |
_aScenariusz imprezy okolicznościowej _2DBN _938686 |
|
| 655 | 7 |
_aTeatr polski dla dzieci _y1990-. _2kaba _940400 |
|
| 658 | _aEdukacja i pedagogika | ||
| 658 | _aReligia i duchowość | ||
| 710 | 2 |
_aWarmińskie Wydawnictwo Diecezjalne. _eWydawca _4pbl _913113 |
|
| 920 | _a978-83-65210-36-4 (oprawa miękka) | ||
| 942 |
_2ddc _cBK_NM |
||
| 999 |
_c27720 _d27720 |
||